Get ahead: medicine 300 SBAs for finals (Record no. 31532)

MARC details
000 -LEADER
fixed length control field 00674nam a2200169 a 4500
008 - FIXED-LENGTH DATA ELEMENTS--GENERAL INFORMATION
fixed length control field 130520s2012 ||||||||||||||||| || u
020 ## - INTERNATIONAL STANDARD BOOK NUMBER
International Standard Book Number 9781853157325
050 ## - LIBRARY OF CONGRESS CALL NUMBER
Classification number RC 58 MED
100 ## - MAIN ENTRY--PERSONAL NAME
Personal name McNeillis, Benjamin
245 10 - TITLE STATEMENT
Title Get ahead: medicine 300 SBAs for finals
Statement of responsibility, etc. by Benjamin McNeillis [and others]
260 ## - PUBLICATION, DISTRIBUTION, ETC.
Place of publication, distribution, etc. London:
Name of publisher, distributor, etc. Hodder and Stoughton
Date of publication, distribution, etc. 2012
300 ## - PHYSICAL DESCRIPTION
Extent xv, 245p.:
490 ## -
-- Get Ahead! series
500 ## - GENERAL NOTE
General note SCHOOL OF MEDICINE
650 ## - SUBJECT ADDED ENTRY--TOPICAL TERM
Topical term or geographic name entry element MEDICINE--EXAMINATIONS, QUESTIONS, ETC
995 ## -
-- MEDICAL LIBRARY OPEN ACCESS
-- 902066
-- CBU-SCHOOL OF MEDICINE LIBRARY (Ndola)
-- RC 58 MED
-- 1
-- AVAILABLE
-- May 22, 2013
-- 902066
-- Medical Library Open Access Collection
999 ## -
-- 31532
-- 31532
Holdings
Withdrawn status Lost status Source of classification or shelving scheme Damaged status Not for loan Permanent Location Current Location Shelving location Date acquired Total Checkouts Full call number Barcode Date last seen Price effective from Koha item type
          CBU-SCHOOL OF MEDICINE LIBRARY, NDOLA. CBU-SCHOOL OF MEDICINE LIBRARY, NDOLA.   11/30/2022   RC 58 MED 902066 11/30/2022 11/30/2022 MONOGRAPH